[Event "Llinars del Valles Seniors op 2nd"]
[Site "Llinars del Valles"]
[Date "2024.05.22"]
[Round "5"]
[White "Morros Faura, Ricard"]
[Black "Cobos Navarro, Francesco"]
[Result "1-0"]
[WhiteElo "2177"]
[BlackElo "1939"]
[PlyCount "75"]
[EventDate "2024.04.10"]
[EventType "swiss"]
[EventRounds "7"]
[EventCountry "ESP"]
[SourceTitle "CBM 220 Extra"]
[Source "ChessBase"]
[SourceDate "2024.07.31"]
[SourceVersion "1"]
[SourceVersionDate "2024.07.31"]
[SourceQuality "1"]

1. e4 e5 2. Nf3 Nc6 3. d4 exd4 4. Nxd4 Nf6 5. Nxc6 bxc6 6. e5 Qe7 7. Qe2 Nd5 8. c4 Nb6 9. Nc3 Qe6 10. Qe4 Ba6 11. b3 Bb4 12. Bd2 Bxc3 13. Bxc3 d5 14. Qh4 dxc4 15. Rc1 0-0 16. Be2 f6 17. 0-0 Nd5 18. Bxc4 Bxc4 19. Qxc4 Rae8 20. exf6 Nxc3 21. Qxc3 Rxf6 22. Rce1 Qf7 23. Rxe8+ Qxe8 24. Qc5 Qe2 25. Qxa7 h6 26. a4 Rd6 27. h3 Rd1 28. Rxd1 Qxd1+ 29. Kh2 Qxb3 30. Qa8+ Kf7 31. Qxc6 Qb6 32. Qxb6 cxb6 33. Kg3 Ke6 34. Kf4 Kd5 35. Kf5 Kc4 36. Kg6 Kb4 37. Kxg7 Kxa4 38. f4 1-0

[Event "Figueres Region-ch"]
[Site "Figueres	"]
[Date "2021.11.27"]
[Round "9"]
[White "Cobos Navarro, Francesco"]
[Black "Alonso Gimenez, Mauro"]
[Result "1/2-1/2"]
[WhiteElo "2016"]
[BlackElo "1533"]
[PlyCount "73"]
[EventDate "2021.09.25"]
[EventType "swiss"]
[EventRounds "9"]
[EventCountry "ESP"]
[SourceTitle "EXT 2023"]
[Source "ChessBase"]
[SourceDate "2022.10.05"]
[SourceVersion "1"]
[SourceVersionDate "2022.10.05"]
[SourceQuality "1"]

1. e4 e5 2. Nf3 Nc6 3. Bc4 Nf6 4. d4 exd4 5. 0-0 d6 6. Nxd4 Ne5 7. Bb3 Be7 8. Nc3 a6 9. f4 Ng6 10. h3 0-0 11. a4 Re8 12. Qf3 Bf8 13. Bd2 Nh4 14. Qd3 Nd7 15. Bxf7+ Kh8 16. Bxe8 Qxe8 17. Qg3 Ng6 18. Rae1 Be7 19. Nf5 Bf6 20. Nd5 Qd8 21. Nxf6 Nxf6 22. Bc3 Nxe4 23. Rxe4 Bxf5 24. Re2 Qd7 25. Rfe1 Rg8 26. b3 d5 27. h4 Bg4 28. Rd2 h5 29. Qf2 Qf5 30. g3 Bh3 31. Qf3 c6 32. Kh2 Bg4 33. Qd3 Qf7 34. Qe3 Bd7 35. Qd3 Bf5 36. Qe2 Bg4 37. Qe3 1/2-1/2

[Event "Llinars del Valles op-A 13th"]
[Site "Llinars del Valles"]
[Date "2019.06.08"]
[Round "7"]
[White "Cobos Navarro, Francesco"]
[Black "Ritter Aguilar, Jordi"]
[Result "1/2-1/2"]
[WhiteElo "2003"]
[BlackElo "1828"]
[PlyCount "57"]
[EventDate "2019.03.30"]
[EventType "swiss"]
[EventRounds "8"]
[EventCountry "ESP"]
[SourceTitle "EXT 2020"]
[Source "ChessBase"]
[SourceDate "2019.10.17"]
[SourceVersion "1"]
[SourceVersionDate "2019.10.17"]
[SourceQuality "1"]

1. e4 e5 2. Nf3 Nc6 3. Bb5 f5 4. d3 Nf6 5. Qe2 Be7 6. Nc3 0-0 7. Bc4+ Kh8 8. a3 d6 9. h3 Nd4 10. Nxd4 exd4 11. Nd5 Nxd5 12. exd5 Bf6 13. 0-0 Be5 14. f4 Bf6 15. b4 Bd7 16. Bb2 Re8 17. Qd1 Re3 18. Bc1 Re7 19. Qf3 Qe8 20. Bd2 Bh4 21. g3 Qg6 22. Kh2 Bf6 23. Rae1 Rae8 24. Rxe7 Rxe7 25. Re1 Qe8 26. Rxe7 Qxe7 27. Kg2 c5 28. Kf2 b6 29. Qe2 1/2-1/2

[Event "Llinars del Valles op-A 13th"]
[Site "Llinars del Valles"]
[Date "2019.04.06"]
[Round "2"]
[White "Parra Ordorica, Gorka"]
[Black "Cobos Navarro, Francesco"]
[Result "1/2-1/2"]
[WhiteElo "1784"]
[BlackElo "2003"]
[PlyCount "42"]
[EventDate "2019.03.30"]
[EventType "swiss"]
[EventRounds "8"]
[EventCountry "ESP"]
[SourceTitle "EXT 2020"]
[Source "ChessBase"]
[SourceDate "2019.10.17"]
[SourceVersion "1"]
[SourceVersionDate "2019.10.17"]
[SourceQuality "1"]

1. e4 c5 2. c3 Nf6 3. e5 Nd5 4. d4 cxd4 5. cxd4 Nc6 6. Nf3 d6 7. Bc4 dxe5 8. dxe5 e6 9. 0-0 Be7 10. Qe2 Qc7 11. Qe4 Nb6 12. Bb3 Nd7 13. Bf4 Nc5 14. Qe3 Nxb3 15. Qxb3 0-0 16. Na3 a6 17. Nc4 Na5 18. Nxa5 Qxa5 19. Rac1 Rb8 20. Bd2 Qd5 21. Qxd5 exd5 1/2-1/2

[Event "Girona-ch"]
[Site "Banyoles"]
[Date "2018.11.25"]
[Round "8"]
[White "Mendez Camarasa, Fernando"]
[Black "Cobos Navarro, Francesco"]
[Result "1-0"]
[WhiteElo "2244"]
[BlackElo "2010"]
[PlyCount "80"]
[EventDate "2018.09.30"]
[EventType "swiss"]
[EventRounds "9"]
[EventCountry "ESP"]
[SourceTitle "CBM 187 Extra"]
[Source "ChessBase"]
[SourceDate "2018.11.04"]
[SourceVersion "1"]
[SourceVersionDate "2018.11.04"]
[SourceQuality "1"]

1. e4 d6 2. d4 Nf6 3. Nc3 g6 4. f4 Bg7 5. Nf3 0-0 6. Bd3 c5 7. dxc5 dxc5 8. e5 Nd5 9. Nxd5 Qxd5 10. Qe2 Nc6 11. Be4 Qd8 12. Be3 Qc7 13. h4 h5 14. Qb5 Bd7 15. Qxc5 Rac8 16. 0-0-0 Bg4 17. Kb1 Qb8 18. Qb5 a6 19. Qb6 Bh6 20. Rd3 Kg7 21. Rhd1 Rfd8 22. Rxd8 Rxd8 23. Rxd8 Nxd8 24. Nd4 Qc8 25. g3 Kg8 26. a3 Bf8 27. Qb3 Kg7 28. Qd3 Ne6 29. Nb3 Qc7 30. a4 Nd8 31. f5 Nc6 32. fxg6 Nxe5 33. Qd4 f6 34. Bf4 Kh8 35. Nc5 Nc6 36. Qf2 e5 37. Bg5 Bxc5 38. Bxf6+ Kg8 39. Bd5+ Kf8 40. g7+ Qxg7 1-0

[Event "Girona-ch"]
[Site "Banyoles"]
[Date "2018.10.21"]
[Round "3"]
[White "Cobos Navarro, Francesco"]
[Black "Lazaro Pujol, Abel"]
[Result "0-1"]
[WhiteElo "2010"]
[BlackElo "2096"]
[PlyCount "76"]
[EventDate "2018.09.30"]
[EventType "swiss"]
[EventRounds "9"]
[EventCountry "ESP"]
[SourceTitle "CBM 187 Extra"]
[Source "ChessBase"]
[SourceDate "2018.11.04"]
[SourceVersion "1"]
[SourceVersionDate "2018.11.04"]
[SourceQuality "1"]

1. e4 e5 2. Nf3 Nc6 3. Bc4 Bc5 4. 0-0 Nf6 5. d4 Bxd4 6. Nxd4 Nxd4 7. Bg5 d6 8. f4 Qe7 9. fxe5 dxe5 10. Nd2 Bd7 11. Bxf6 gxf6 12. c3 Ne6 13. Qf3 Rg8 14. Qxf6 Qxf6 15. Rxf6 Ke7 16. Raf1 Raf8 17. R6f2 f6 18. Kh1 Rg4 19. Be2 Rg7 20. g3 Bc6 21. Bf3 Rd8 22. Bg2 Nc5 23. Re2 h5 24. b4 Ne6 25. Bh3 Ng5 26. Bf5 h4 27. g4 Rxd2 28. Rxd2 Nxe4 29. Rd7+ Bxd7 30. Bxe4 Bxg4 31. Rg1 f5 32. h3 fxe4 33. hxg4 Kf6 34. Kh2 Kg5 35. Kh3 e3 36. Re1 Kf4 37. Rf1+ Ke4 38. Kxh4 e2 0-1

[Event "Girona-ch "]
[Site "Girona"]
[Date "2017.11.19"]
[Round "7"]
[White "Cobos Navarro, Francesco"]
[Black "Tarrus Galter, Narcis"]
[Result "1-0"]
[WhiteElo "1998"]
[BlackElo "1902"]
[PlyCount "67"]
[EventDate "2017.10.08"]
[EventType "swiss"]
[EventRounds "9"]
[EventCountry "ESP"]
[SourceTitle "CBM 181 Extra"]
[Source "ChessBase"]
[SourceDate "2017.12.12"]
[SourceVersion "1"]
[SourceVersionDate "2017.12.12"]
[SourceQuality "1"]

1. e4 d5 2. exd5 Qxd5 3. Nc3 Qd6 4. d4 Nf6 5. Bd3 c6 6. Nge2 Bg4 7. f3 Bh5 8. Bf4 Qd8 9. Qd2 Nbd7 10. 0-0-0 e6 11. Ne4 Nxe4 12. fxe4 Nf6 13. Qe3 Qa5 14. Kb1 Be7 15. h3 Bxe2 16. Bxe2 0-0 17. g4 Rfd8 18. g5 Ne8 19. h4 Rd7 20. h5 Bf8 21. g6 h6 22. gxf7+ Rxf7 23. e5 Qb6 24. Rhg1 Rd8 25. Bxh6 Rfd7 26. c3 Nc7 27. Qe4 Nd5 28. Ka1 Ba3 29. Bc1 Rf8 30. h6 Rf4 31. Qg6 Rdf7 32. Qxe6 Bf8 33. Bxf4 Nxf4 34. h7+ 1-0

[Event "Girona-ch "]
[Site "Girona"]
[Date "2017.10.29"]
[Round "4"]
[White "Cobos Navarro, Francesco"]
[Black "Marques Reig, Daniel"]
[Result "0-1"]
[WhiteElo "1998"]
[BlackElo "1744"]
[PlyCount "52"]
[EventDate "2017.10.08"]
[EventType "swiss"]
[EventRounds "9"]
[EventCountry "ESP"]
[SourceTitle "CBM 181 Extra"]
[Source "ChessBase"]
[SourceDate "2017.12.12"]
[SourceVersion "1"]
[SourceVersionDate "2017.12.12"]
[SourceQuality "1"]

1. e4 e5 2. Nf3 d6 3. d4 exd4 4. Nxd4 Nf6 5. Nc3 Nbd7 6. Be3 g6 7. Be2 Bg7 8. Qd2 Nc5 9. f3 0-0 10. Bh6 Nfxe4 11. Nxe4 Qh4+ 12. g3 Qxh6 13. Qxh6 Bxh6 14. Nb5 Ne6 15. Bc4 a6 16. Bxe6 axb5 17. Bxc8 Rfxc8 18. Kf2 Bg7 19. c3 b4 20. Rhc1 d5 21. Nd2 bxc3 22. bxc3 d4 23. c4 d3 24. Rab1 Rxa2 25. Ke1 Re8+ 26. Kd1 Re2 0-1

[Event "Girona-ch "]
[Site "Girona"]
[Date "2017.10.22"]
[Round "3"]
[White "Pinsach Gelabert, Alexandre"]
[Black "Cobos Navarro, Francesco"]
[Result "1-0"]
[WhiteElo "2097"]
[BlackElo "1998"]
[PlyCount "49"]
[EventDate "2017.10.08"]
[EventType "swiss"]
[EventRounds "9"]
[EventCountry "ESP"]
[SourceTitle "CBM 181 Extra"]
[Source "ChessBase"]
[SourceDate "2017.12.12"]
[SourceVersion "1"]
[SourceVersionDate "2017.12.12"]
[SourceQuality "1"]

1. e4 d6 2. d4 Nf6 3. Nc3 g6 4. Bg5 Bg7 5. e5 Nfd7 6. Nd5 f6 7. exf6 Nxf6 8. Bxf6 Bxf6 9. Nxf6+ exf6 10. Bd3 Nc6 11. c3 Qe7+ 12. Ne2 Bd7 13. 0-0 0-0-0 14. a4 f5 15. a5 g5 16. b4 f4 17. b5 Nb8 18. b6 a6 19. bxc7 Kxc7 20. Qb3 Bc6 21. d5 Be8 22. Rfb1 Bb5 23. c4 f3 24. Nd4 Nd7 25. Ne6+ 1-0

[Event "Girona-ch "]
[Site "Girona"]
[Date "2017.10.15"]
[Round "2"]
[White "Cobos Navarro, Francesco"]
[Black "Turon Crosa, Isaac"]
[Result "1-0"]
[WhiteElo "1998"]
[BlackElo "1679"]
[PlyCount "125"]
[EventDate "2017.10.08"]
[EventType "swiss"]
[EventRounds "9"]
[EventCountry "ESP"]
[SourceTitle "CBM 181 Extra"]
[Source "ChessBase"]
[SourceDate "2017.12.12"]
[SourceVersion "1"]
[SourceVersionDate "2017.12.12"]
[SourceQuality "1"]

1. d4 Nf6 2. Bf4 d5 3. Nf3 e6 4. e3 c5 5. c3 Nbd7 6. h3 Be7 7. Bd3 0-0 8. 0-0 b6 9. Nbd2 Bb7 10. Ne5 Rc8 11. Bh2 g6 12. a4 Kg7 13. Qe2 Nb8 14. f4 c4 15. Bc2 Nbd7 16. g4 a6 17. Rf2 Nxe5 18. fxe5 Nd7 19. Raf1 Bh4 20. Rg2 b5 21. axb5 axb5 22. Nf3 Be7 23. g5 Ra8 24. h4 b4 25. cxb4 Qb6 26. h5 Qxb4 27. hxg6 hxg6 28. Bb1 Ra1 29. Qc2 Qa4 30. Qf2 Ba6 31. Bc2 Rxf1+ 32. Qxf1 Qb4 33. Bf4 c3 34. Qxa6 cxb2 35. Qd3 Rc8 36. Bb1 Rc1+ 37. Kh2 Qa3 38. Nd2 Qa1 39. Rg1 Bb4 40. Nb3 Qxb1 41. Qxb1 Rxb1 42. Rxb1 Bc3 43. Nc5 Nb6 44. Nd3 Nc4 45. Nxb2 Bxb2 46. Kg2 Kf8 47. Kf2 Ke8 48. Ke2 Kf8 49. Kd3 Ba3 50. e4 Bb2 51. exd5 exd5 52. Bc1 Bxc1 53. Rxc1 Nb6 54. Rc6 Nc4 55. Rxc4 dxc4+ 56. Kxc4 Ke7 57. d5 Ke8 58. Kc5 Kd7 59. Kb6 Kc8 60. Kc6 Kd8 61. Kd6 Ke8 62. Kc7 Ke7 63. d6+ 1-0

[Event "Girona-ch"]
[Site "Banyoles"]
[Date "2016.11.27"]
[Round "9"]
[White "Palmero Castillo, Marcelino"]
[Black "Cobos Navarro, Francesco"]
[Result "0-1"]
[WhiteElo "1656"]
[BlackElo "1986"]
[PlyCount "100"]
[EventDate "2016.10.02"]
[EventType "swiss"]
[EventRounds "9"]
[EventCountry "ESP"]
[SourceTitle "EXT 2018"]
[Source "ChessBase"]
[SourceDate "2017.10.13"]
[SourceVersion "1"]
[SourceVersionDate "2017.10.13"]
[SourceQuality "1"]

1. e4 c5 2. Nc3 Nc6 3. g3 g6 4. Bg2 Bg7 5. d3 d6 6. f4 Nf6 7. Nf3 Bg4 8. h3 Bxf3 9. Bxf3 Nd4 10. Bg2 0-0 11. 0-0 Qc7 12. Be3 a6 13. g4 Rac8 14. Qd2 b5 15. Nd1 b4 16. Nf2 Nd7 17. Nh1 c4 18. c3 bxc3 19. bxc3 Nb5 20. d4 Qa5 21. a4 Qxc3 22. Qxc3 Nxc3 23. Bf3 d5 24. exd5 Nb6 25. d6 exd6 26. a5 Nbd5 27. Bf2 Nxf4 28. Kh2 Nd3 29. Bb7 Rc7 30. Bxa6 Nxf2 31. Nxf2 Ra8 32. Bxc4 Rxc4 33. Ra3 Bxd4 34. Kg2 Ra4 35. Rfa1 Rxa3 36. Rxa3 Bxf2 37. Kxf2 Nb5 38. Ra1 Kf8 39. Ke3 Ke7 40. Ke4 Ke6 41. Kd3 d5 42. Re1+ Kd6 43. Ra1 Ra6 44. Ra2 Na7 45. Rf2 Ke6 46. Re2+ Kf6 47. Rf2+ Kg7 48. Kd4 Rxa5 49. Rc2 Nb5+ 50. Ke5 f6+ 0-1

[Event "Girona-ch"]
[Site "Banyoles"]
[Date "2016.11.13"]
[Round "7"]
[White "Gili Munoz, Daniel"]
[Black "Cobos Navarro, Francesco"]
[Result "0-1"]
[WhiteElo "1699"]
[BlackElo "1986"]
[PlyCount "56"]
[EventDate "2016.10.02"]
[EventType "swiss"]
[EventRounds "9"]
[EventCountry "ESP"]
[SourceTitle "EXT 2018"]
[Source "ChessBase"]
[SourceDate "2017.10.13"]
[SourceVersion "1"]
[SourceVersionDate "2017.10.13"]
[SourceQuality "1"]

1. e4 c5 2. Nf3 d6 3. Bb5+ Bd7 4. Bxd7+ Qxd7 5. c4 Nc6 6. Nc3 g6 7. d4 cxd4 8. Nxd4 Bg7 9. Nde2 Nf6 10. 0-0 Rc8 11. f3 0-0 12. Bg5 Qd8 13. Rc1 a6 14. Qd2 b5 15. cxb5 axb5 16. Kh1 b4 17. Na4 Qa5 18. b3 Nd7 19. Be3 Qa6 20. Rfd1 Nce5 21. Nd4 Nc5 22. Nxc5 dxc5 23. Ne2 c4 24. bxc4 Nxc4 25. Qd3 Qxa2 26. Rc2 Nb2 27. Bc1 Nxd3 28. Rxa2 Nf2+ 0-1

[Event "Girona-ch"]
[Site "Banyoles"]
[Date "2016.10.23"]
[Round "5"]
[White "Pages Lopez, David"]
[Black "Cobos Navarro, Francesco"]
[Result "1-0"]
[WhiteElo "1773"]
[BlackElo "1986"]
[PlyCount "39"]
[EventDate "2016.10.02"]
[EventType "swiss"]
[EventRounds "9"]
[EventCountry "ESP"]
[SourceTitle "EXT 2018"]
[Source "ChessBase"]
[SourceDate "2017.10.13"]
[SourceVersion "1"]
[SourceVersionDate "2017.10.13"]
[SourceQuality "1"]

1. e4 c5 2. Nf3 d6 3. d4 cxd4 4. Nxd4 Nf6 5. Nc3 g6 6. f4 Bg7 7. e5 Ng8 8. Bb5+ Kf8 9. 0-0 Bd7 10. Qf3 Nc6 11. Be3 Nxd4 12. Bxd4 Bxb5 13. Nxb5 a6 14. Nc3 dxe5 15. Be3 e4 16. Qxe4 Bxc3 17. bxc3 Qc7 18. Rab1 Qxc3 19. Bd4 Qc4 20. Bg7+ 1-0

[Event "Girona-ch"]
[Site "Banyoles"]
[Date "2016.10.12"]
[Round "3"]
[White "Vigueras Ruiz, Francisco"]
[Black "Cobos Navarro, Francesco"]
[Result "0-1"]
[WhiteElo "1421"]
[BlackElo "1986"]
[PlyCount "95"]
[EventDate "2016.10.02"]
[EventType "swiss"]
[EventRounds "9"]
[EventCountry "ESP"]
[SourceTitle "EXT 2018"]
[Source "ChessBase"]
[SourceDate "2017.10.13"]
[SourceVersion "1"]
[SourceVersionDate "2017.10.13"]
[SourceQuality "1"]

1. e4 c5 2. d3 g6 3. Nf3 Bg7 4. c3 d5 5. e5 d4 6. c4 Nc6 7. Bf4 Bg4 8. Be2 Qd7 9. Nbd2 Qf5 10. Bg3 Bxf3 11. Nxf3 Bxe5 12. 0-0 Bg7 13. Nh4 Qd7 14. f4 e6 15. Nf3 Nge7 16. Ne5 Nxe5 17. fxe5 Nc6 18. Qe1 Bxe5 19. Bh4 Bg7 20. Bf6 0-0 21. Qf2 Bxf6 22. Qxf6 Qe7 23. Qf4 e5 24. Qh6 Rad8 25. a3 Rd6 26. Bf3 a6 27. Be4 b5 28. Rac1 b4 29. a4 f5 30. Bd5+ Kh8 31. b3 Qg7 32. Qh3 Ne7 33. Bf3 Ng8 34. Qg3 Rdd8 35. Rce1 Rfe8 36. h3 Qc7 37. Kh1 Qd6 38. h4 e4 39. Qxd6 Rxd6 40. dxe4 Rde6 41. Rf2 fxe4 42. Rfe2 Nf6 43. g3 d3 44. Re3 d2 45. Rd1 exf3 46. Rxe6 Rxe6 47. Rxd2 Re1+ 48. Kh2 0-1

[Event "Girona-ch"]
[Site "Blanes"]
[Date "2015.??.??"]
[Round "7"]
[White "Cobos Navarro, Francesco"]
[Black "Alabert Vidal, Marc"]
[Result "1-0"]
[WhiteElo "2116"]
[BlackElo "2021"]
[PlyCount "99"]
[EventDate "2015.09.27"]
[EventType "swiss"]
[EventRounds "9"]
[EventCountry "ESP"]
[SourceTitle "EXT 2017"]
[Source "ChessBase"]
[SourceDate "2016.10.25"]
[SourceVersion "1"]
[SourceVersionDate "2016.10.25"]
[SourceQuality "1"]

1. e4 c5 2. Nf3 Nf6 3. Nc3 Nc6 4. d4 d5 5. e5 cxd4 6. exf6 dxc3 7. fxe7 Bxe7 8. bxc3 Bg4 9. Be2 0-0 10. 0-0 Rc8 11. Be3 Qa5 12. Qd3 Bf6 13. Ng5 Bxg5 14. Bxg4 Ne5 15. Qe2 Nxg4 16. Bxg5 f5 17. Qe6+ Kh8 18. h3 Rce8 19. Qd6 Nf6 20. Bxf6 Rxf6 21. Rae1 Qb5 22. Rxe8+ Qxe8 23. Qxd5 Qc8 24. Rd1 h6 25. Qd8+ Qxd8 26. Rxd8+ Kh7 27. Rd7 Rb6 28. a4 Kg6 29. Kf1 Kf6 30. Ke2 g5 31. Kd3 Ke6 32. Rh7 Rd6+ 33. Ke3 Kd5 34. Rxb7 f4+ 35. Ke2 Re6+ 36. Kd3 a6 37. Rc7 Kd6 38. Rc4 Re5 39. Rb4 Kc5 40. Rd4 Re1 41. Rc4+ Kb6 42. Rd4 Rg1 43. Rd6+ Ka5 44. Rxh6 Rxg2 45. Ke2 Rh2 46. Kf3 g4+ 47. Kxg4 Rxf2 48. Rf6 Rxc2 49. Rxf4 Rxc3 50. h4 1-0

[Event "Girona-ch"]
[Site "Blanes"]
[Date "2015.??.??"]
[Round "3"]
[White "Cobos Navarro, Francesco"]
[Black "Martin Fernandez, Santiago"]
[Result "1/2-1/2"]
[WhiteElo "2116"]
[BlackElo "2004"]
[PlyCount "47"]
[EventDate "2015.09.27"]
[EventType "swiss"]
[EventRounds "9"]
[EventCountry "ESP"]
[SourceTitle "EXT 2017"]
[Source "ChessBase"]
[SourceDate "2016.10.25"]
[SourceVersion "1"]
[SourceVersionDate "2016.10.25"]
[SourceQuality "1"]

1. e4 c5 2. Nf3 e6 3. d4 cxd4 4. Nxd4 a6 5. Bd3 Qc7 6. 0-0 Nf6 7. Qe2 d6 8. c4 Bd7 9. Nc3 Be7 10. b3 Nc6 11. Nxc6 Bxc6 12. f4 g6 13. Bb2 Rg8 14. Kh1 h5 15. Rac1 Qa5 16. a3 Rc8 17. Nd5 Nxd5 18. exd5 Bd7 19. f5 gxf5 20. Qxh5 Qd2 21. Qe2 Qxe2 22. Bxe2 Bg5 23. Rcd1 e5 24. a4 1/2-1/2

[Event "Santa Eugenia op 10th"]
[Site "Santa Eugenia"]
[Date "2015.??.??"]
[Round "5"]
[White "Cobos Navarro, Francesco"]
[Black "Perez Lopez, Alfonso"]
[Result "0-1"]
[WhiteElo "2145"]
[BlackElo "1985"]
[PlyCount "40"]
[EventDate "2015.04.17"]
[EventType "swiss"]
[EventRounds "9"]
[EventCountry "ESP"]
[SourceTitle "EXT 2016"]
[Source "ChessBase"]
[SourceDate "2015.10.08"]
[SourceVersion "1"]
[SourceVersionDate "2015.10.08"]
[SourceQuality "1"]

1. e4 c6 2. Nc3 d5 3. Nf3 Bg4 4. d4 e6 5. h3 Bh5 6. Bd3 dxe4 7. Nxe4 Nd7 8. Bd2 Ngf6 9. 0-0 Nxe4 10. Bxe4 Nf6 11. Bd3 Qd5 12. c4 Bxf3 13. Qxf3 Qxd4 14. Bc3 Qh4 15. Rfe1 Bd6 16. g3 Qxh3 17. Bxf6 gxf6 18. Qxf6 Rg8 19. Bf5 Rxg3+ 20. fxg3 Bc5+ 0-1

[Event "Llinars del Valles Tardor op 6th"]
[Site "Llinars del Valles"]
[Date "2014.11.21"]
[Round "7"]
[White "Cobos Navarro, Francesco"]
[Black "Llonch Mur, Jordi"]
[Result "1/2-1/2"]
[WhiteElo "2128"]
[BlackElo "2150"]
[PlyCount "84"]
[EventDate "2014.10.03"]
[EventType "swiss"]
[EventRounds "8"]
[EventCountry "ESP"]
[SourceTitle "CBM 163 Extra"]
[Source "ChessBase"]
[SourceDate "2014.12.23"]
[SourceVersion "1"]
[SourceVersionDate "2014.12.23"]
[SourceQuality "1"]

1. e4 e6 2. Nf3 b6 3. d4 Bb7 4. Bd3 d5 5. e5 Ba6 6. 0-0 Bxd3 7. Qxd3 Ne7 8. a4 a5 9. Bg5 h6 10. Bxe7 Bxe7 11. c4 Bb4 12. cxd5 Qxd5 13. Nc3 Bxc3 14. bxc3 Na6 15. Rab1 0-0 16. Rfd1 Rfd8 17. Qc2 Rd7 18. Ne1 Rad8 19. f4 Qc4 20. Qd3 Qxd3 21. Nxd3 Nb8 22. Nf2 Nc6 23. Ne4 Ne7 24. g4 Nd5 25. g5 Kh7 26. gxh6 Kxh6 27. Rf1 Kh7 28. Rf3 Kg8 29. Kf2 Kf8 30. f5 exf5 31. Rxf5 g6 32. Rf3 Kg7 33. Rg1 Rh8 34. Rg2 Rh4 35. Ng5 Rf4 36. Rxf4 Nxf4 37. Rg3 Ne6 38. Nxe6+ fxe6 39. Ke3 c5 40. Ke4 cxd4 41. cxd4 Rc7 42. Rb3 Rc6 1/2-1/2

[Event "Llinars del Valles Tardor op 6th"]
[Site "Llinars del Valles"]
[Date "2014.10.24"]
[Round "4"]
[White "Asensio Graells, Ricard"]
[Black "Cobos Navarro, Francesco"]
[Result "0-1"]
[WhiteElo "1846"]
[BlackElo "2128"]
[PlyCount "66"]
[EventDate "2014.10.03"]
[EventType "swiss"]
[EventRounds "8"]
[EventCountry "ESP"]
[SourceTitle "CBM 163 Extra"]
[Source "ChessBase"]
[SourceDate "2014.12.23"]
[SourceVersion "1"]
[SourceVersionDate "2014.12.23"]
[SourceQuality "1"]

1. e4 c5 2. Nf3 d6 3. g3 g6 4. d3 Bg7 5. Bg2 Bg4 6. h3 Bd7 7. Nh2 Nc6 8. c3 Nf6 9. 0-0 0-0 10. Re1 b5 11. Nd2 Rb8 12. Ndf1 b4 13. Bd2 bxc3 14. bxc3 Rb2 15. Qc1 Qb6 16. Bh6 Ne5 17. Rd1 Rb8 18. Bxg7 Kxg7 19. f4 c4+ 20. d4 Nd3 21. Qe3 Qa5 22. e5 Nd5 23. Bxd5 Qxd5 24. Nf3 Rc2 25. Rxd3 cxd3 26. Qxd3 Rbb2 27. Ne3 Qb5 28. Qxb5 Bxb5 29. Nxc2 Rxc2 30. a4 Bc6 31. Ne1 Rxc3 32. Kf2 Rc4 33. Nf3 Rc2+ 0-1

[Event "Santa Eugenia op 9th"]
[Site "Santa Eugenia"]
[Date "2014.05.16"]
[Round "4"]
[White "Sanchez Luque, Juan"]
[Black "Cobos Navarro, Francesco"]
[Result "1-0"]
[WhiteElo "2067"]
[BlackElo "2129"]
[PlyCount "63"]
[EventDate "2014.04.25"]
[EventType "swiss"]
[EventRounds "9"]
[EventCountry "ESP"]
[SourceTitle "EXT 2015"]
[Source "ChessBase"]
[SourceDate "2014.11.20"]
[SourceVersion "1"]
[SourceVersionDate "2014.11.20"]
[SourceQuality "1"]

1. e4 e5 2. Nf3 Nc6 3. Nc3 Be7 4. d4 exd4 5. Nxd4 d6 6. Nxc6 bxc6 7. Be3 Nf6 8. Be2 0-0 9. 0-0 Nd7 10. f4 f5 11. Bf3 fxe4 12. Bxe4 Bb7 13. Qd3 Nf6 14. Bf3 a5 15. Bxc6 Bxc6 16. Qc4+ Kh8 17. Qxc6 Ng4 18. Rae1 Bf6 19. Kh1 Rb8 20. b3 Bxc3 21. Qxc3 Qh4 22. Bg1 Rb5 23. g3 Qh5 24. Re2 Qd5+ 25. Qf3 c6 26. c4 Qxf3+ 27. Rxf3 Rbb8 28. Bd4 Nf6 29. Bxf6 Rxf6 30. Re7 d5 31. cxd5 cxd5 32. Ra7 1-0

[Event "Santa Eugenia op 9th"]
[Site "Santa Eugenia"]
[Date "2014.04.25"]
[Round "1"]
[White "Cobos Navarro, Francesco"]
[Black "Franquesa Llopart, Albert"]
[Result "1-0"]
[WhiteElo "2129"]
[BlackElo "1784"]
[PlyCount "41"]
[EventDate "2014.04.25"]
[EventType "swiss"]
[EventRounds "9"]
[EventCountry "ESP"]
[SourceTitle "EXT 2015"]
[Source "ChessBase"]
[SourceDate "2014.11.20"]
[SourceVersion "1"]
[SourceVersionDate "2014.11.20"]
[SourceQuality "1"]

1. e4 e5 2. Nf3 Nf6 3. Nc3 Nc6 4. Bb5 d6 5. d4 exd4 6. Nxd4 Bd7 7. Bc4 Ne5 8. Bb3 Be7 9. f4 Nc6 10. 0-0 Bg4 11. Nxc6 bxc6 12. Qe1 Be6 13. Ba4 Bd7 14. e5 dxe5 15. fxe5 Nd5 16. Qg3 g6 17. Bh6 Bh4 18. Qf3 Qe7 19. g3 Nxc3 20. Qxc3 Qe6 21. Bb3 1-0

[Event "Girona-ch"]
[Site "Girona"]
[Date "2012.03.02"]
[Round "8"]
[White "Mundet Riera, Jaume"]
[Black "Cobos Navarro, Francesco"]
[Result "1-0"]
[WhiteElo "2185"]
[BlackElo "1962"]
[PlyCount "69"]
[EventDate "2012.01.13"]
[EventType "swiss"]
[EventRounds "9"]
[EventCountry "ESP"]
[SourceTitle "EXT 2013"]
[Source "ChessBase"]
[SourceDate "2012.11.22"]
[SourceVersion "1"]
[SourceVersionDate "2012.11.22"]
[SourceQuality "1"]

1. Nf3 c5 2. g3 g6 3. Bg2 Bg7 4. c4 Nf6 5. Nc3 0-0 6. e4 d6 7. d3 Nc6 8. h3 Bd7 9. Be3 Qc8 10. Qd2 Re8 11. Bh6 Bh8 12. h4 Bg4 13. Ng5 Nd4 14. f3 Bd7 15. Nd5 e6 16. Nxf6+ Bxf6 17. h5 Qd8 18. hxg6 fxg6 19. Kf2 d5 20. e5 Bxe5 21. Nxh7 Nf5 22. Bg5 Bd4+ 23. Ke1 Qc7 24. Nf6+ Bxf6 25. Bxf6 Qxg3+ 26. Kf1 d4 27. Re1 e5 28. Bg5 e4 29. dxe4 Ne3+ 30. Bxe3 dxe3 31. Qxe3 Be6 32. Qc3 Bf5 33. Qh8+ Kf7 34. Rh7+ Ke6 35. exf5+ 1-0